Rasy psów - nagła śmierć - Statystyki

Ogólne statystyki
  • Ten quiz został rozwiązany 584 razy
  • Średni wynik to 11 z 20
Answers on the Grid
Answers color-coded by a green-red scale on the quiz's grid according to % correct below.
Abisyn
Angora
Pustynny
Beagle
Belgijski malinois
Bengal
Borzoj
Bokser
Chihuahua
Cocker spaniel
Lenicowaty
Niemiecki
Hereford
Labrador retriever
Lhasa apso
Mainkun
Maltańczyk
Mańczyk
Mastyf
Bystrzyk błękitny
Newfoundland
Papillon
Perski
Pointer
Mops
Roborowski
Rottweiler
Chart perski
Sznaucer
Shih Tzu
Syjamski
Whippet
 
Statystyki odpowiedzi
Odpowiedź % Poprawnych
Beagle
84%
Bokser
82%
Chihuahua
79%
Maltańczyk
74%
Mops
72%
Cocker spaniel
71%
Shih Tzu
69%
Labrador retriever
67%
Rottweiler
65%
Sznaucer
64%
Chart perski
56%
Newfoundland
52%
Mastyf
50%
Belgijski malinois
45%
Niemiecki
40%
Borzoj
37%
Papillon
36%
Pointer
33%
Whippet
33%
Lhasa apso
30%
Nie znaleziono quizów pasujących do podanych kryteriów
Rozkład punktacji
Procent ludzi z każdym wynikiem
Percentyl według liczby udzielonych odpowiedzi
Twoja historia wyników
Nie rozwiązałeś tego quizu